Quizzes
Events
Quiz Creation
Community
Videos
Private Events
Remove Ads
Sign In
Join for FREE
Feedback
Dark Mode
Quiz Categories
Sports
Geography
Music
Movies
Television
Just For Fun
Miscellaneous
History
Literature
Language
Science
Gaming
Entertainment
Religion
Holiday
For Kids
Quiz Lab
Recent
Popular Today
Quiz Kudos Today
Editor Picks
Curator Picks
Quizzes by...
Day
Popularity
Type
Ratings
Length
Year
Community
Subscriptions
Recent Discussions
Orange Saloon
Badges
Playlists
Quests
Create
Leaderboards
Showdown
Live 5
Trivia Bingo
Activity
Puzzle Library
Sporcle Events
Private Events
Virtual Trivia
Globe League
Become a Host
Pub Owners
SporcleCon
Opinionation
Our Games
Videos
Blog
Mobile Apps
Partnerships
Remove Ads and Go Orange
Feedback
Music
Pop Music
The Beatles
Song
Album
Lyrics
Bands
Singers
Artist
Clip
Rock
Rap
Classical
Billboard
Country Music
Kpop
Taylor Swift
Music
Pop Music
The Beatles
Song
Album
Lyrics
Bands
Singers
Artist
Clip
Rock
Rap
Classical
Billboard
Country Music
Kpop
Taylor Swift
Random Quiz
Search Sporcle
×
Quiz Lab
Quiz Lab
Music
Album
Type in answers that appear in a list
Type in answers that appear in a list
Classic
Best Score? Go Orange.
Why Don't We Song Quiz Stats
Can you name every Why Don't We song? (always updated)
By
carmennn
4m
42 Questions
21.4K Plays
21,366 Plays
21,366 Plays
Comments
Comments
Give Quiz Kudos
Give Quiz Kudos
-
- Ratings
hide this ad
More Info
Replay
Link that replays current quiz
Next Quiz
Link to next quiz in quiz playlist
You Got
0%
They Got
Avg Score
47%
Avg Friend Score
Upgrade to see
Score Distribution
Jump to the score distribution portion of the page
Score
0/42
Timer
04:00
0
Plays Today
Album
Songs
% Correct
8 Letters
8 Letters
92.7%
Something Different EP
Something Different
90.7%
Taking You
87.5%
Invitation EP
Invitation
83.2%
Why Don't We & Macklemore
I Don't Belong In This Club
82.9%
Trust Fund Baby
82.4%
Hooked
80.3%
Only The Beginning EP
Nobody Gotta Know
80.2%
Friends
79.1%
Free
79%
Talk
79%
Choose
78.2%
Hard
77.5%
Why Don't We Just EP
Why Don't We Just
77.1%
In Too Deep
76%
Falling
75.1%
Just To See You Smile
74.6%
Perfect
70.5%
A Why Don't We Christmas EP
Kiss You This Christmas
70.4%
Singles/
Upcoming Album
Big Plans
69.9%
Cold In LA
69.3%
Album
Songs
% Correct
M.I.A.
68.3%
Singles
These Girls
67.6%
Runner
67.1%
Ft. Why Don't We
Help Me Help You
66.8%
Air Of The Night
65.7%
Don't Change
63.5%
Made For
63.1%
On My Way
62.8%
Tell Me
61.9%
We The Party
61.2%
Boomerang
61.2%
All My Love
60.5%
Silent Night
59.7%
You and Me at Christmas
57.3%
Hey Good Lookin'
57.2%
I Depend On You
57%
Unbelievable
56.3%
Never Know
56.1%
Turn It Off
54.1%
Words I Didn't Say
53.5%
Merry Little Christmas
47%
Quiz Playlist
Details
Report
Send in Message
Add To Playlist
More Info:
Type in every wdw song name you can think of, the EP or type of song will be on the left of it.
Classic:
Type in answers that appear in a list
Last Updated: May 29, 2019
Quiz Scoreboard
CHALLENGE
Sign Up to Join the Scoreboard
Show All
Scores
Hide
Comments
May contain spoilers
Recently Published
Alphabetical 'K' Countries by Flag Minefield
by ylime102
Geography
3m
Pick 6: Fruits
by JohnFran
Miscellaneous
15s
Click the 1999 NBA Draft
by nibperrychub
Sports
2m
More to Explore
Quiz From the Vault
Featured Blog Post
15 Basketball Trivia Facts You Can Be March Mad About
hide this ad
You Might Also Like...
Tags
Album Quiz
Song Quiz
Today's Top Quizzes in Music
Browse Music
hide this ad
Today's Top Quizzes in Album
Browse Album
Top Contributed Quizzes in Music
1
Taylor Swift All Songs (2024)
2
Image Sorting: Rock Albums II
3
Image Sorting: Rock Albums III
4
Image Sorting: Rock Albums IV
5
Image Sorting: Rock Albums V
6
Taylor Swift Logic Puzzle
7
Image Sorting: Rock Albums VI
8
Adjectives in 80s Songs
9
Nickname Match: Musicians
10
Image Sorting: Album Titles
Explore More
Trending Topics
NBA
Marvel
Disney
Kpop
Crossword
Anime
Harry Potter
The Office
WWE
Country
Pokémon
Soccer
Song
Puzzle
NFL
hide this ad
More By:
carmennn
Quiz
Plays
Rating
Category
Featured
Created
Why Don't We Song Quiz
21,366
4.29
Music
Jul 30, 2017
Go to Creator's Profile
Score Distribution
Quiz Creator Spotlight
carmennn
Follow
Send a Message
Quizzes Created
-
Created Quiz Play Count
-
More By This Creator
Popular Quizzes Today
1
Find the US States - No Outlines Minefield
2
Pick 6: Fruits
3
Countries of Asia Without Outlines Minefield
4
Alphabetical 'K' Countries by Flag Minefield
5
Match the Book to the Film X
6
The Countries of the World
7
NBA Logic Puzzle
8
Click the 1999 NBA Draft
More Music Quizzes
Travis Scott's Album, 'Rodeo'
Quiz Lab
Trending Quizzes
First Name TV: Leading Men
Match the Book to the Film II
First Name TV: Leading Women Drama
Match the Book to the Film VI
Pick A Pair: Religious TV
Recently Updated
Women's Final Four Teams by Year
bhenderson79
Presidents Quartet II
eogle
Anything But Clue(do)
eogle
Anything But Oceanian Capitals
eogle
Anything But 7
eogle
Anything But Thing
eogle
Word Ladder: February 29
pecheneg
Song Title Questions
pecheneg
Women's NCAA Tournament #1 Seeds
pecheneg
Celebrity Mug Shots
pecheneg
Trending Topics
NBA
Harry Potter
Kpop
Marvel
Anime
Disney
Crossword
Country
The Office
Soccer
Song
WWE
NFL
Pokémon
Puzzle
Your Account Isn't Verified!
In order to create a playlist on Sporcle, you need to verify the email address you used during registration. Go to your
Sporcle Settings
to finish the process.
Report this User
Report this user for behavior that violates our
Community Guidelines
.
Details:
Send Report
Go to the Sporcle.com Mobile Site →
Comments